000 00285nam a2200133Ia 4500
008 260604s9999 xx 000 0 und d
020 _a9789349953604
082 _a891.733 DOS
100 _aDOSTOEVSKY
_935249
245 0 _aTHE IDIOT
260 _bDPS
500 _aIdiot
942 _cBK
999 _c8013
_d8013